|
|
|
|
| LEADER |
01068nam a2200313 4500 |
| 001 |
DLU090097467 |
| 005 |
##20091201 |
| 040 |
# |
# |
|a DLU
|b eng
|
| 041 |
# |
# |
|a eng
|
| 044 |
# |
# |
|a us
|
| 100 |
# |
# |
|a Meisen, Iris.
|
| 245 |
# |
# |
|a Discrimination of neolacto-series gangliosides with alpha2-3- and alpha2-6-linked n-acetylneuraminic acid by nanoelectrospray ionization low-energy collision-induced dissociation tandem quadrupole TOF MS /
|c Iris Meisen, Jasna Peter-Katalinic, Johannes Muthing.
|
| 653 |
# |
# |
|a Acids
|
| 653 |
# |
# |
|a Discrimination
|
| 653 |
# |
# |
|a Gangliosides
|
| 653 |
# |
# |
|a Ionization
|
| 653 |
# |
# |
|a Nanoelectrospray
|
| 700 |
# |
# |
|a Muthing, Johannes.
|
| 700 |
# |
# |
|a Peter-Katalinic, Jasna.
|
| 773 |
# |
# |
|t Analytical Chemistry
|g Vol. 75, no. 21 (November 2003), p. 5719-5725
|
| 920 |
# |
# |
|a Phòng Tạp chí -- Trung tâm Thông tin - Thư viện Trường Đại học Đà Lạt
|
| 994 |
# |
# |
|a DLU
|
| 900 |
# |
# |
|a True
|
| 911 |
# |
# |
|a Trương Bảo Trâm Anh
|
| 925 |
# |
# |
|a G
|
| 926 |
# |
# |
|a A
|
| 927 |
# |
# |
|a BB
|
| 980 |
# |
# |
|a Thư viện Trường Đại học Đà Lạt
|